000 00334nam a2200133Ia 4500
008 240624s9999 xx 000 0 und d
041 _aeng
082 _a332.1 PEN
100 _aPENZA PIETRO
245 _aMEASURING MARKET RISK WITH VALUE AT RISK
260 _c2001
_aNew York
_bWiley
300 _axiii,302p. ; 23cm.
365 _c
_b27
999 _c20701
_d20701